| 000 | 00573nam a22001937a 4500 | ||
|---|---|---|---|
| 003 | UA-OsUOA | ||
| 001 | 106105 | ||
| 007 | ta | ||
| 008 | 20140505b un ||||| |||| 00| 0 ukr d | ||
| 090 |
_a330(477) _bС83 |
||
| 942 | _cSA | ||
| 040 |
_aUA-OsUOA _cUA-OsUOA _dUA-OsUOA |
||
| 245 | _aСтраховий ринок україни в умовах фінансової глобалізаціїї | ||
| 300 | _aС.1,6-7 | ||
| 955 | _a0 | ||
| 080 | _a330(477) | ||
| 773 | 0 |
_w106104 _tУкраїна- business _dК. _d2014 _g16 |
|
| 650 | 7 |
_a330 Економіка взагалі _2UDC |
|
| 999 |
_c392064 _d392064 |
||